The experimental college. (Record no. 34259)

MARC details
000 -LEADER
fixed length control field 00935cam a22002651 4500
001 - CONTROL NUMBER
control field hew60000097
003 - CONTROL NUMBER IDENTIFIER
control field DLC
005 - DATE AND TIME OF LATEST TRANSACTION
control field 20260227111510.0
008 - FIXED-LENGTH DATA ELEMENTS--GENERAL INFORMATION
fixed length control field 740925s1960 dcu f000 0 eng c
010 ## - LIBRARY OF CONGRESS CONTROL NUMBER
LC control number hew60000097
035 ## - SYSTEM CONTROL NUMBER
System control number (OCoLC)1020769
040 ## - CATALOGING SOURCE
Original cataloging agency U.S. Dept. of Health, Education, and Welfare. Library
Transcribing agency TxU-Da
Modifying agency OCoLC
-- ISS
-- DLC
042 ## - AUTHENTICATION CODE
Authentication code premarc
050 00 - LIBRARY OF CONGRESS CALL NUMBER
Classification number LB2331
Item number .H37
082 ## - DEWEY DECIMAL CLASSIFICATION NUMBER
Classification number 378.2
086 0# - GOVERNMENT DOCUMENT CLASSIFICATION NUMBER
Classification number FS 5.250:55010
100 1# - MAIN ENTRY--PERSONAL NAME
Personal name Hatch, Winslow Roper,
Dates associated with a name 1908-
245 14 - TITLE STATEMENT
Title The experimental college.
260 ## - PUBLICATION, DISTRIBUTION, ETC.
Place of publication, distribution, etc. [Washington]
Name of publisher, distributor, etc. U.S. Dept. of Health, Education, and Welfare, Office of Education
Date of publication, distribution, etc. [1960]
300 ## - PHYSICAL DESCRIPTION
Extent iii, 13 p.
Dimensions 23 cm.
410 10 - SERIES STATEMENT/ADDED ENTRY--CORPORATE NAME [OBSOLETE, CAN/MARC], [LOCAL, USA]
Corporate name or jurisdiction name as entry element United States.
Subordinate unit Office of Education.
-- Division of Higher Education.
Title of a work New dimensions in higher education,
Volume number/sequential designation no. 3
500 ## - GENERAL NOTE
General note "OE-50010."
650 #0 - SUBJECT ADDED ENTRY--TOPICAL TERM
Topical term or geographic name entry element Universities and colleges
Geographic subdivision United States.
650 #0 - SUBJECT ADDED ENTRY--TOPICAL TERM
Topical term or geographic name entry element Education, Higher
General subdivision Aims and objectives.

No items available.

Powered by Koha